[Event "Balmaceda Segura Memorial op"]
[Site "Santa Barbara de Heredia"]
[Date "2022.06.04"]
[Round "3"]
[White "Jimenez Esquivel, Greivin"]
[Black "Quesada Leon, Joshua"]
[Result "1-0"]
[WhiteElo "1904"]
[BlackElo "1868"]
[PlyCount "85"]
[EventDate "2022.05.21"]
[EventType "swiss"]
[EventRounds "6"]
[EventCountry "CRI"]
[SourceTitle "EXT 2024"]
[Source "ChessBase"]
[SourceDate "2023.10.10"]
[SourceVersion "1"]
[SourceVersionDate "2023.10.10"]
[SourceQuality "1"]

1. e4 c5 2. Nf3 d6 3. d4 cxd4 4. Nxd4 Nf6 5. Nc3 a6 6. Bc4 e6 7. Bb3 Be7 8. Be3 0-0 9. f4 b5 10. 0-0 b4 11. e5 bxc3 12. exf6 Bxf6 13. bxc3 Bb7 14. Rb1 Qc7 15. c4 Nd7 16. c3 Be4 17. Rb2 Rab8 18. f5 Nc5 19. fxe6 fxe6 20. Rbf2 Be5 21. Qg4 Rxf2 22. Rxf2 Kh8 23. Nxe6 Qd7 24. Bxc5 Re8 25. Qxe4 Qxe6 26. Qf3 dxc5 27. g3 Bf6 28. Bc2 Qd7 29. Kg2 Qf7 30. Qc6 Rd8 31. Qxa6 Qh5 32. Qe6 Qg5 33. h4 Qh6 34. Qf5 Be7 35. a4 g6 36. Qe4 Qg7 37. a5 Bf6 38. Re2 Rf8 39. a6 Bxc3 40. Qe7 Qxe7 41. Rxe7 Ra8 42. a7 Rf8 43. Be4 1-0

[Event "Wch FIDE Online U18 America qual"]
[Site "Tornelo INT"]
[Date "2020.12.03"]
[Round "4"]
[White "Coto Anaya, Walter Alexander"]
[Black "Quesada Leon, Joshua"]
[Result "1-0"]
[WhiteElo "1750"]
[BlackElo "1702"]
[PlyCount "62"]
[EventDate "2020.12.01"]
[EventType "swiss (rapid)"]
[EventRounds "7"]
[EventCountry "ISS"]
[SourceTitle "EXT 2022"]
[Source "ChessBase"]
[SourceDate "2021.10.06"]
[SourceVersion "1"]
[SourceVersionDate "2021.10.06"]
[SourceQuality "1"]

1. b3 e5 2. Bb2 Nc6 3. e3 Nf6 4. Bb5 Bd6 5. Na3 0-0 6. Nc4 Re8 7. Nxd6 cxd6 8. Nf3 a6 9. Be2 b6 10. 0-0 Bb7 11. d4 e4 12. Nd2 d5 13. Ba3 b5 14. Bd6 Re6 15. Bg3 Rc8 16. c4 dxc4 17. bxc4 bxc4 18. Nxc4 d5 19. Ne5 Nxe5 20. Bxe5 Nd7 21. Bg3 g6 22. Rb1 Ba8 23. Qa4 Bc6 24. Qa3 f5 25. Rfc1 Bb5 26. Bxb5 Rxc1+ 27. Qxc1 axb5 28. Rxb5 Qa8 29. h4 Rc6 30. Qb2 Rc4 31. Rb7 Rb4 1-0

[Event "Wch FIDE Online U18 America qual"]
[Site "Tornelo INT"]
[Date "2020.12.03"]
[Round "6"]
[White "Quesada Leon, Joshua"]
[Black "Morgan, Tajae"]
[Result "1-0"]
[WhiteElo "1702"]
[BlackElo "1729"]
[PlyCount "143"]
[EventDate "2020.12.01"]
[EventType "swiss (rapid)"]
[EventRounds "7"]
[EventCountry "ISS"]
[SourceTitle "EXT 2022"]
[Source "ChessBase"]
[SourceDate "2021.10.06"]
[SourceVersion "1"]
[SourceVersionDate "2021.10.06"]
[SourceQuality "1"]

1. d4 d5 2. c4 e6 3. Nc3 Nf6 4. cxd5 exd5 5. Bg5 Be7 6. e3 0-0 7. Bd3 h6 8. Bh4 c6 9. Nge2 Re8 10. 0-0 Ne4 11. Bxe7 Qxe7 12. Qc2 Bf5 13. Na4 g6 14. a3 Nd7 15. b4 Rac8 16. Rae1 b6 17. Kh1 Nd6 18. Bxf5 Nxf5 19. Nac3 Nf6 20. Qd2 Nd6 21. Ng3 Nc4 22. Qa2 Qd7 23. Rc1 Qg4 24. h3 Qh4 25. a4 Kg7 26. b5 c5 27. Nxd5 Nxd5 28. Qxc4 Nxe3 29. fxe3 Re7 30. Kh2 Rce8 31. Rce1 Rf8 32. Qd3 cxd4 33. Qxd4+ Qxd4 34. exd4 Rd7 35. Rd1 Rfd8 36. Rf4 f5 37. h4 Rd5 38. Kh3 Rc8 39. h5 Rc3 40. hxg6 Kxg6 41. Rdf1 Rd3 42. Re1 Kf6 43. Ref1 Kg5 44. R4f3 R3xd4 45. Rxf5+ Rxf5 46. Rxf5+ Kg6 47. Re5 Rxa4 48. Re7 Ra5 49. Rb7 h5 50. Kh4 Ra4+ 51. Kh3 Kg5 52. Rg7+ Kh6 53. Rc7 Kg5 54. Rg7+ Kf6 55. Nxh5+ Kf5 56. g4+ Ke6 57. Rg6+ Ke7 58. Rg5 a6 59. bxa6 Rxa6 60. Rb5 Kd7 61. g5 Kc6 62. Rb3 Ra8 63. g6 Rg8 64. g7 Kd6 65. Rxb6+ Ke7 66. Rb7+ Ke6 67. Kg4 Rd8 68. Kg5 Rg8 69. Kh6 Ra8 70. Kh7 Ra1 71. g8Q+ Kf5 72. Qg6+ 1-0

[Event "Wch FIDE Online U18 America qual"]
[Site "Tornelo INT"]
[Date "2020.12.02"]
[Round "2"]
[White "Haynes, Aaron"]
[Black "Quesada Leon, Joshua"]
[Result "0-1"]
[WhiteElo "1325"]
[BlackElo "1702"]
[PlyCount "116"]
[EventDate "2020.12.01"]
[EventType "swiss (rapid)"]
[EventRounds "7"]
[EventCountry "ISS"]
[SourceTitle "EXT 2022"]
[Source "ChessBase"]
[SourceDate "2021.10.06"]
[SourceVersion "1"]
[SourceVersionDate "2021.10.06"]
[SourceQuality "1"]

1. c4 c5 2. g3 g6 3. Bg2 Bg7 4. Nc3 Nc6 5. e4 d6 6. Nge2 e5 7. 0-0 Nge7 8. d3 0-0 9. f4 f5 10. Nd5 Be6 11. Nec3 Qd7 12. Rb1 Kh8 13. a3 Nd4 14. Nxe7 Qxe7 15. Nd5 Qd7 16. b4 fxe4 17. dxe4 Bg4 18. Qe1 Be2 19. Rf2 Bxc4 20. bxc5 dxc5 21. Be3 exf4 22. Nxf4 g5 23. Nd5 Rxf2 24. Bxf2 Bxd5 25. exd5 Rf8 26. Qd2 h6 27. Rf1 b6 28. Kh1 Qg4 29. Bxd4 Rxf1+ 30. Bxf1 Bxd4 31. Bg2 Qf5 32. Qe2 Qb1+ 33. Bf1 Qg6 34. Qe6 Qxe6 35. dxe6 Kg7 36. Bc4 Kf6 37. Kg2 a6 38. Kf3 b5 39. Bd5 Bb2 40. Ke4 Bxa3 41. Kd3 Bb4 42. Kc2 Ke7 43. h3 Kd6 44. Kd3 Ba5 45. Ke4 c4 46. g4 c3 47. Kd3 b4 48. Bb3 Bd8 49. Ke4 Be7 50. Kd4 a5 51. Kd3 Kc5 52. Ke4 a4 53. Bxa4 Kc4 54. Bc2 b3 55. Bd3+ Kb4 56. Ke3 Ka3 57. Be4 Kb2 58. Kd4 c2 0-1

[Event "Wch FIDE Online U18 America qual"]
[Site "Tornelo INT"]
[Date "2020.12.01"]
[Round "1"]
[White "Quesada Leon, Joshua"]
[Black "Stearman, Josiah P"]
[Result "0-1"]
[WhiteElo "1702"]
[BlackElo "2286"]
[PlyCount "72"]
[EventDate "2020.12.01"]
[EventType "swiss (rapid)"]
[EventRounds "7"]
[EventCountry "ISS"]
[SourceTitle "EXT 2022"]
[Source "ChessBase"]
[SourceDate "2021.10.06"]
[SourceVersion "1"]
[SourceVersionDate "2021.10.06"]
[SourceQuality "1"]

1. e4 c5 2. d4 cxd4 3. c3 d3 4. Bxd3 Nc6 5. Nf3 g6 6. c4 Bg7 7. 0-0 d6 8. h3 Nf6 9. Nc3 0-0 10. Be3 Nd7 11. Rc1 b6 12. Qe2 Bb7 13. Rfd1 Rc8 14. Bb1 Nc5 15. Nd5 e6 16. Nc3 Qe7 17. Bf4 Rfd8 18. Nb5 e5 19. Be3 Ne6 20. Qd3 Rd7 21. b3 Rcd8 22. Nc3 Ncd4 23. Bxd4 exd4 24. Nd5 Qf8 25. g3 Re8 26. Qd2 f5 27. exf5 gxf5 28. h4 f4 29. Kg2 Bh6 30. g4 Rg7 31. g5 Bxg5 32. hxg5 Nxg5 33. Nxg5 Rxg5+ 34. Kf1 Qh6 35. f3 Qh1+ 36. Kf2 Rg2# 0-1

[Event "Online Olym Div2 E"]
[Site "Chess.com INT"]
[Date "2020.08.16"]
[Round "7.5"]
[White "Pobor, Milo"]
[Black "Quesada Leon, Joshua"]
[Result "0-1"]
[WhiteElo "2143"]
[BlackElo "1839"]
[PlyCount "72"]
[EventDate "2020.08.14"]
[EventType "team-tourn (rapid)"]
[EventRounds "9"]
[EventCountry "USA"]
[SourceTitle "CBM 198"]
[Source "ChessBase"]
[SourceDate "2020.10.31"]
[SourceVersion "1"]
[SourceVersionDate "2020.10.31"]
[SourceQuality "1"]
[WhiteTeam "Montenegro"]
[BlackTeam "Costa Rica"]
[WhiteTeamCountry "MNE"]
[BlackTeamCountry "CRI"]

1. e4 c5 2. Nf3 d6 3. d4 cxd4 4. Qxd4 Nc6 5. Bb5 a6 6. Bxc6+ bxc6 7. Nc3 e5 8. Qd3 Be7 9. 0-0 Nf6 10. Bg5 0-0 11. Rad1 Be6 12. Bxf6 gxf6 13. Nh4 Kh8 14. Qe3 Rg8 15. f4 d5 16. exd5 cxd5 17. fxe5 Qa5 18. Qe1 d4 19. exf6 Bb4 20. a3 dxc3 21. axb4 Qxb4 22. bxc3 Qc5+ 23. Kh1 Rg4 24. Nf3 Rag8 25. Rf2 Bd5 26. Rdd2 Rxg2 27. Rxd5 Qxd5 28. Rxg2 Qxf3 29. Qg1 Rg6 30. c4 a5 31. c5 a4 32. c6 Qxc6 33. h3 a3 34. Kh2 Rxg2+ 35. Qxg2 Qxg2+ 36. Kxg2 a2 0-1

[Event "Online Olym Div2 E"]
[Site "Chess.com INT"]
[Date "2020.08.14"]
[Round "1.5"]
[White "Quesada Leon, Joshua"]
[Black "Kozak, Adam"]
[Result "0-1"]
[WhiteElo "1839"]
[BlackElo "2507"]
[PlyCount "44"]
[EventDate "2020.08.14"]
[EventType "team-tourn (rapid)"]
[EventRounds "9"]
[EventCountry "USA"]
[SourceTitle "CBM 198"]
[Source "ChessBase"]
[SourceDate "2020.10.31"]
[SourceVersion "1"]
[SourceVersionDate "2020.10.31"]
[SourceQuality "1"]
[WhiteTeam "Costa Rica"]
[BlackTeam "Hungary"]
[WhiteTeamCountry "CRI"]
[BlackTeamCountry "HUN"]

1. e4 e5 2. Nf3 Nc6 3. Bc4 Bc5 4. b4 Bxb4 5. c3 Ba5 6. d4 exd4 7. Qb3 Qf6 8. 0-0 Bb6 9. e5 Qg6 10. Ba3 Nge7 11. Bb5 d6 12. exd6 cxd6 13. Bxc6+ bxc6 14. Re1 Be6 15. Qa4 0-0 16. Nxd4 Bd5 17. f3 Bxf3 18. g3 Nf5 19. Nd2 Bd5 20. Re2 Nxd4 21. cxd4 Qg4 22. Rae1 Bxd4+ 0-1

[Event "Online Olym Div3 E"]
[Site "Chess.com INT"]
[Date "2020.08.07"]
[Round "1.2"]
[White "Quesada Leon, Joshua"]
[Black "Melara, Moises"]
[Result "0-1"]
[WhiteElo "1839"]
[BlackElo "2110"]
[PlyCount "82"]
[EventDate "2020.08.07"]
[EventType "team-tourn (rapid)"]
[EventRounds "9"]
[EventCountry "USA"]
[SourceTitle "CBM 198"]
[Source "ChessBase"]
[SourceDate "2020.10.31"]
[SourceVersion "1"]
[SourceVersionDate "2020.10.31"]
[SourceQuality "1"]
[WhiteTeam "Costa Rica"]
[BlackTeam "El Salvador"]
[WhiteTeamCountry "CRI"]
[BlackTeamCountry "ESA"]

1. e4 c5 2. Nf3 e6 3. d3 d5 4. Nbd2 Nc6 5. g3 g6 6. Bg2 Bg7 7. 0-0 Nge7 8. Re1 0-0 9. e5 a5 10. a4 Qc7 11. Qe2 b6 12. h4 Ba6 13. c3 Rae8 14. Nf1 d4 15. c4 Bc8 16. Bf4 Qd8 17. N1d2 Nf5 18. Ne4 f6 19. exf6 Bxf6 20. Nxf6+ Qxf6 21. Ne5 Nxe5 22. Bxe5 Qf7 23. Qe4 Re7 24. Qg4 Nh6 25. Qe2 Nf5 26. Be4 Bb7 27. g4 Nxh4 28. Bd6 Bxe4 29. dxe4 Nf3+ 30. Kg2 Nxe1+ 31. Rxe1 e5 32. Bxe7 Qxe7 33. f3 Qe6 34. Rh1 Rf7 35. b3 Qf6 36. Qf2 Qf4 37. Rh3 h6 38. Qh4 Kg7 39. Qf2 Rd7 40. Rg3 d3 41. g5 h5 0-1

[Event "Pan American-ch School U17"]
[Site "Medellin"]
[Date "2019.11.15"]
[Round "6"]
[White "Quesada Leon, Joshua"]
[Black "Mosquera Orjuela, Johan Esteban"]
[Result "1-0"]
[WhiteElo "1766"]
[BlackElo "1451"]
[PlyCount "169"]
[EventDate "2019.11.12"]
[EventType "swiss"]
[EventRounds "9"]
[EventCountry "COL"]
[SourceTitle "CBM 193 Extra"]
[Source "ChessBase"]
[SourceDate "2020.01.31"]
[SourceVersion "1"]
[SourceVersionDate "2020.01.31"]
[SourceQuality "1"]

1. e4 c5 2. d4 cxd4 3. c3 d3 4. Bxd3 Qc7 5. c4 e6 6. Nf3 Be7 7. Nc3 a6 8. Be3 d6 9. 0-0 Nf6 10. h3 b6 11. Qe2 Bb7 12. Rac1 Nbd7 13. Bb1 0-0 14. Rfd1 Rac8 15. b3 Nc5 16. Nd2 Rfd8 17. f4 Qb8 18. b4 Ncd7 19. a3 Ne8 20. g4 Nc7 21. Nf3 Ba8 22. Nd4 d5 23. cxd5 exd5 24. Nf5 Bf8 25. Nxd5 Nxd5 26. Rxc8 Qxc8 27. exd5 Qb7 28. g5 g6 29. Ng3 b5 30. Be4 f5 31. Bh1 Bd6 32. Bc1 Nb6 33. Qe6+ Qf7 34. Qe3 Nc4 35. Qd3 Qa7+ 36. Qd4 Qe7 37. Bf3 Bc7 38. Qd3 h6 39. h4 hxg5 40. hxg5 Qh7 41. Kg2 Qg7 42. Qe2 Nb6 43. Bb2 Nxd5 44. Bxg7 Nxf4+ 45. Kf2 Nxe2 46. Rxd8+ Bxd8 47. Bxa8 Kxg7 48. Nxe2 Bxg5 49. Bb7 a5 50. bxa5 Be7 51. Nc3 b4 52. Na2 b3 53. Nc3 Bxa3 54. a6 b2 55. Ke2 Bb4 56. Nb1 Bc5 57. Kd3 Kf6 58. Kc2 Ke5 59. Kxb2 g5 60. Kc2 g4 61. Kd2 Kf4 62. Ke2 Kg3 63. Nd2 Ba7 64. Nf1+ Kh3 65. Nd2 f4 66. Kf1 Kh2 67. Nc4 f3 68. Ne5 Kg3 69. Bc8 Kf4 70. Nxg4 Ke4 71. Bb7+ Kf4 72. Nh2 f2 73. Ke2 Ke5 74. Ng4+ Kd6 75. Nxf2 Kc7 76. Ne4 Bg1 77. Kd3 Ba7 78. Kc4 Bg1 79. Kb5 Be3 80. Nf6 Bg1 81. Nd5+ Kd7 82. Nb4 Ba7 83. Nc6 Be3 84. a7 Bxa7 85. Nxa7 1-0

[Event "Pan American-ch School U17"]
[Site "Medellin"]
[Date "2019.11.14"]
[Round "5"]
[White "Parra Meza, Brayan1111"]
[Black "Quesada Leon, Joshua"]
[Result "1-0"]
[WhiteElo "1822"]
[BlackElo "1766"]
[PlyCount "75"]
[EventDate "2019.11.12"]
[EventType "swiss"]
[EventRounds "9"]
[EventCountry "COL"]
[SourceTitle "CBM 193 Extra"]
[Source "ChessBase"]
[SourceDate "2020.01.31"]
[SourceVersion "1"]
[SourceVersionDate "2020.01.31"]
[SourceQuality "1"]

1. e4 c5 2. Nc3 Nc6 3. g3 g6 4. Bg2 Bg7 5. d3 d6 6. Be3 e6 7. Qd2 Nge7 8. Bh6 0-0 9. h4 Bxh6 10. Qxh6 f6 11. 0-0-0 Rf7 12. Qe3 e5 13. f4 Nd4 14. Bh3 Bxh3 15. Nxh3 Qa5 16. Kb1 Kf8 17. h5 Ke8 18. hxg6 hxg6 19. Nf2 Kd7 20. Nd5 b5 21. Nxe7 Kxe7 22. c3 Nc6 23. Rh6 b4 24. Qd2 bxc3 25. Qxc3 Qxc3 26. bxc3 Rg8 27. Kc2 f5 28. Rb1 Ke6 29. Nh3 Rd7 30. Rf1 Rb7 31. Rb1 Rxb1 32. Kxb1 Rg7 33. Ng5+ Kf6 34. Rh8 Ke7 35. Kc2 Nd8 36. Rxd8 Kxd8 37. Ne6+ Kd7 38. Nxg7 1-0